[Event "Thüringenliga 2024/25"]
[Site "?"]
[Date "2024.09.15"]
[Round "1.1"]
[White "Berghof, Axel"]
[Black "Bock, Marlon"]
[Result "1/2-1/2"]
[WhiteElo "2046"]
[BlackElo "2033"]
[PlyCount "45"]
[EventDate "2024.09.15"]
[EventType "team-tourn"]
[EventRounds "9"]
[WhiteTeam "SC Suhl"]
[BlackTeam "SSV Vimaria 91 Weimar"]

1. e4 c5 2. Nf3 Nc6 3. Bb5 e6 4. c3 Nge7 5. d4 cxd4 6. cxd4 d5 7. e5 Qb6 8. Nc3 Bd7 9. O-O Nf5 10. Ba4 Be7 11. Ne2 Rd8 12. Bc2 Nh4 13. Nxh4 Bxh4 14. Be3 Na5 15. b3 Be7 16. f4 g6 17. Rf3 Rc8 18. a3 Bb5 19. Bf2 Bd7 20. Rh3 Rc6 21. Ra2 a6 22. Be1 Rc8 23. Nc3 1/2-1/2

[Event "Thüringenliga 2024/25"]
[Site "?"]
[Date "2024.09.15"]
[Round "1.2"]
[White "Philipp, Mathias"]
[Black "Koch, Stefan"]
[Result "1-0"]
[WhiteElo "2171"]
[BlackElo "1902"]
[PlyCount "71"]
[EventDate "2024.09.15"]
[EventType "team-tourn"]
[EventRounds "9"]
[WhiteTeam "SSV Vimaria 91 Weimar"]
[BlackTeam "SC Suhl"]

1. e4 d5 2. exd5 Qxd5 3. Nc3 Qd6 4. d4 Nf6 5. Nf3 Bg4 6. h3 Bxf3 7. Qxf3 c6 8. Bf4 Qd8 9. O-O-O e6 10. d5 exd5 11. Nxd5 cxd5 12. Bxb8 Bd6 13. Bb5+ Kf8 14. Bxd6+ Qxd6 15. g4 g5 16. h4 Qf4+ 17. Qxf4 gxf4 18. g5 Ng4 19. Rxd5 h6 20. Rg1 Nxf2 21. Rf1 Nh3 22. Rd3 Nxg5 23. hxg5 hxg5 24. Rd5 f6 25. Rd6 a6 26. Bc4 b5 27. Rxf6+ Kg7 28. Rf7+ Kg6 29. Bb3 Rhf8 30. Rxf8 Rxf8 31. Be6 Re8 32. Bg4 Re3 33. Rg1 Kf6 34. Kd2 a5 35. c3 Re5 36. Re1 1-0

[Event "Thüringenliga 2024/25"]
[Site "?"]
[Date "2024.09.15"]
[Round "1.3"]
[White "Trautmann, Johannes"]
[Black "Aepfler, Christian"]
[Result "0-1"]
[WhiteElo "1818"]
[BlackElo "2112"]
[PlyCount "48"]
[EventDate "2024.09.15"]
[EventType "team-tourn"]
[EventRounds "9"]
[WhiteTeam "SC Suhl"]
[BlackTeam "SSV Vimaria 91 Weimar"]

1. c4 e6 2. Nc3 d5 3. d4 Nf6 4. Nf3 Be7 5. g3 O-O 6. Bg2 dxc4 7. Ne5 Nc6 8. Nxc6 bxc6 9. Bxc6 Rb8 10. e3 Qd6 11. Bg2 c5 12. dxc5 Qxc5 13. O-O Rd8 14. Qc2 Bb7 15. e4 Qh5 16. Qe2 Qxe2 17. Nxe2 Bxe4 18. Nc3 Bxg2 19. Kxg2 Nd5 20. a4 a6 21. Rd1 Bf6 22. Nxd5 Rxd5 23. Rxd5 exd5 24. Rb1 Rb3 0-1

[Event "Thüringenliga 2024/25"]
[Site "?"]
[Date "2024.09.15"]
[Round "1.4"]
[White "Philipp, Michael"]
[Black "Ansorg, Nico"]
[Result "1-0"]
[WhiteElo "2033"]
[BlackElo "1801"]
[PlyCount "83"]
[EventDate "2024.09.15"]
[EventType "team-tourn"]
[EventRounds "9"]
[WhiteTeam "SSV Vimaria 91 Weimar"]
[BlackTeam "SC Suhl"]

1. e4 g6 2. d4 Bg7 3. Nf3 d6 4. Bc4 Nf6 5. Nc3 O-O 6. O-O Bg4 7. h3 Bxf3 8. Qxf3 Nbd7 9. Be3 Nb6 10. Bb3 Nfd7 11. Rad1 e5 12. Qe2 Kh8 13. dxe5 Nxe5 14. f4 Ned7 15. e5 dxe5 16. Bc5 f6 17. Bxf8 Qxf8 18. fxe5 Nxe5 19. Nd5 Qc5+ 20. Qf2 Qxf2+ 21. Rxf2 Rd8 22. Ne3 Re8 23. Ng4 Nc6 24. c3 f5 25. Nh2 Bh6 26. Kf1 Kg7 27. Re2 Rf8 28. Nf3 Bf4 29. Nd4 Nxd4 30. Rxd4 Bd6 31. Be6 Bc5 32. Rd3 Bd6 33. b4 Kf6 34. a3 Be5 35. Bb3 h5 36. c4 Nc8 37. c5 a6 38. a4 h4 39. Red2 Bf4 40. Rd8 Rxd8 41. Rxd8 Ne7 42. Rb8 1-0

[Event "Thüringenliga 2024/25"]
[Site "?"]
[Date "2024.09.15"]
[Round "1.7"]
[White "Fuhrmann, Christian"]
[Black "Gulich, Christian"]
[Result "0-1"]
[WhiteElo "1682"]
[BlackElo "1911"]
[PlyCount "84"]
[EventDate "2024.09.15"]
[EventType "team-tourn"]
[EventRounds "9"]
[WhiteTeam "SC Suhl"]
[BlackTeam "SSV Vimaria 91 Weimar"]

1. d4 f5 2. c4 g6 3. Nf3 Nf6 4. Nc3 Bg7 5. g3 d6 6. Bg2 O-O 7. O-O Qe8 8. e3 e5 9. dxe5 dxe5 10. Qc2 Nc6 11. Nd5 Rf7 12. Ng5 Rd7 13. Nxf6+ Bxf6 14. Bxc6 bxc6 15. e4 Rd4 16. Re1 c5 17. Be3 Bb7 18. Bxd4 cxd4 19. Nf3 fxe4 20. Rxe4 Bxe4 21. Qxe4 Rd8 22. Re1 Qf7 23. b3 Qd7 24. Nxe5 Bxe5 25. Qxe5 d3 26. Rd1 c6 27. Rd2 Re8 28. Qc3 Rd8 29. f3 Qf5 30. Kg2 h5 31. h3 Kf7 32. b4 Qd7 33. c5 Kg8 34. Qc4+ Kg7 35. Qc3+ Kf7 36. a3 Qf5 37. Qc4+ Kf6 38. Qe4 Qxe4 39. fxe4 Ke5 40. Kf3 Kd4 41. e5 Rf8+ 42. Kg2 Ke3 0-1

[Event "Thüringenliga 2024/25"]
[Site "?"]
[Date "2024.09.15"]
[Round "1.8"]
[White "Kölpin, Arvid"]
[Black "Will, Ralph"]
[Result "1-0"]
[WhiteElo "1925"]
[BlackElo "1735"]
[PlyCount "35"]
[EventDate "2024.09.15"]
[EventType "team-tourn"]
[EventRounds "9"]
[WhiteTeam "SSV Vimaria 91 Weimar"]
[BlackTeam "SC Suhl"]

1. d4 Nf6 2. Nf3 e6 3. e3 b6 4. Bd3 Bb7 5. Nbd2 c5 6. b3 d5 7. O-O Be7 8. Bb2 Nbd7 9. Ne5 O-O 10. Rc1 Rc8 11. Qe2 Nb8 12. Rfd1 cxd4 13. exd4 Nc6 14. c4 Nb4 15. Bb1 Nd7 16. f4 Bf6 17. Rc3 dxc4 18. Bxh7+ 1-0

[Event "Thüringenliga 2024/25"]
[Site "?"]
[Date "2024.09.15"]
[Round "1.1"]
[White "Ziganshin, Ainur"]
[Black "Kölsch, Maximilian"]
[Result "1-0"]
[WhiteElo "2244"]
[BlackElo "2140"]
[PlyCount "101"]
[EventDate "2024.09.15"]
[EventType "team-tourn"]
[EventRounds "9"]
[WhiteTeam "Ilmenauer SV"]
[BlackTeam "SV Schott Jena"]

1. e4 c5 2. Nf3 e6 3. d4 cxd4 4. Nxd4 a6 5. c4 Qc7 6. Nc3 Nf6 7. Be2 d6 8. O-O Nbd7 9. f4 Be7 10. Be3 b6 11. b4 Bb7 12. Qd3 Rc8 13. Rac1 O-O 14. g4 Qb8 15. g5 Ne8 16. Nb3 Nc7 17. a4 Rfd8 18. a5 bxa5 19. Nxa5 Ba8 20. Qb1 d5 21. c5 dxe4 22. Rfd1 f5 23. gxf6 Nxf6 24. Bd4 Ncd5 25. Nxd5 Rxd5 26. Be5 Rxe5 27. fxe5 Qxe5 28. Qb3 e3 29. c6 Nd5 30. Bf3 Bd6 31. Rc2 Nf4 32. Rxd6 Qxd6 33. Qxe3 Nd5 34. Rd2 Bxc6 35. Nxc6 Rxc6 36. Rxd5 Qc7 37. Rc5 Rxc5 38. bxc5 Kf7 39. c6 a5 40. Qd4 g6 41. Kg2 Ke7 42. Qg7+ Kd6 43. Qf8+ Ke5 44. Qe8 Kd6 45. Qg8 Ke5 46. Qf8 Kd4 47. Qe8 Qe5 48. Qd8+ Ke3 49. Qb6+ Kf4 50. c7 Qc3 51. Qd6+ 1-0

[Event "Thüringenliga 2024/25"]
[Site "?"]
[Date "2024.09.15"]
[Round "1.2"]
[White "Junge, Mattheo Gabriel"]
[Black "Geißhirt, Marco"]
[Result "1-0"]
[WhiteElo "1919"]
[BlackElo "1985"]
[PlyCount "65"]
[EventDate "2024.09.15"]
[EventType "team-tourn"]
[EventRounds "9"]
[WhiteTeam "SV Schott Jena"]
[BlackTeam "Ilmenauer SV"]

1. e4 c5 2. Nf3 Nc6 3. Bb5 a6 4. Bxc6 dxc6 5. O-O g6 6. Qe2 b5 7. d3 Bg7 8. c3 Nf6 9. h3 O-O 10. Be3 Nd7 11. Nbd2 e5 12. Rfd1 Qe7 13. Nb3 Rd8 14. Na5 Qd6 15. Rac1 Qc7 16. b4 Bf8 17. a3 Bb7 18. Nb3 cxb4 19. cxb4 Qd6 20. Nc5 Nxc5 21. Bxc5 Qf6 22. Bxf8 Kxf8 23. Rc5 a5 24. Nxe5 axb4 25. axb4 Ra4 26. Qd2 Kg7 27. Ng4 Qe6 28. Qh6+ Kh8 29. Rh5 Kg8 30. Qxh7+ Kf8 31. Re5 f6 32. Qh8+ Kf7 33. Nh6+ 1-0

[Event "Thüringenliga 2024/25"]
[Site "?"]
[Date "2024.09.15"]
[Round "1.3"]
[White "Eichenauer, Pascal"]
[Black "Schlick, Stefan"]
[Result "1/2-1/2"]
[WhiteElo "2103"]
[BlackElo "2021"]
[PlyCount "102"]
[EventDate "2024.09.15"]
[EventType "team-tourn"]
[EventRounds "9"]
[WhiteTeam "Ilmenauer SV"]
[BlackTeam "SV Schott Jena"]

1. d4 Nf6 2. c4 b6 3. Nc3 Bb7 4. Qc2 d5 5. cxd5 Nxd5 6. e4 Nxc3 7. bxc3 e6 8. Nf3 c5 9. Ne5 a6 10. Qa4+ Nd7 11. Qxd7+ Qxd7 12. Nxd7 Kxd7 13. Rb1 cxd4 14. cxd4 Bxe4 15. Rxb6 Kc7 16. Rxa6 Bb4+ 17. Bd2 Rxa6 18. Bxa6 Kb6 19. Bxb4 Kxa6 20. f3 Rc8 21. Kf2 Rc2+ 22. Kg3 Bd3 23. a3 f6 24. Rd1 Bc4 25. Be7 f5 26. Rg1 Rd2 27. Bc5 g5 28. h4 h6 29. h5 Bb5 30. Rh1 Be8 31. Rh3 Bc6 32. Bf8 f4+ 33. Kh2 g4 34. Rh4 gxf3 35. Rxf4 fxg2 36. d5 Rxd5 37. Kxg2 Rxh5+ 38. Kg3 Rb5 39. Rf6 Rg5+ 40. Kf2 Bd5 41. Bxh6 Rg2+ 42. Ke1 Kb5 43. Rf2 Rg3 44. Bf8 Bc4 45. Rb2+ Kc6 46. a4 Rg1+ 47. Kd2 Ra1 48. Kc3 Bd5 49. Kb4 Kb6 50. Bg7 Ra2 51. Rxa2 Bxa2 1/2-1/2

[Event "Thüringenliga 2024/25"]
[Site "?"]
[Date "2024.09.15"]
[Round "1.4"]
[White "Abou Wally, Adrian"]
[Black "Rauch, Arwid"]
[Result "1/2-1/2"]
[WhiteElo "1993"]
[BlackElo "1748"]
[PlyCount "63"]
[EventDate "2024.09.15"]
[EventType "team-tourn"]
[EventRounds "9"]
[WhiteTeam "SV Schott Jena"]
[BlackTeam "Ilmenauer SV"]

1. e4 c5 2. Nc3 e6 3. f4 Nc6 4. Nf3 d5 5. d3 d4 6. Ne2 Nf6 7. h3 Be7 8. g4 Nd7 9. g5 e5 10. Ng3 g6 11. Qe2 f6 12. h4 exf4 13. Bxf4 Nde5 14. Nxe5 fxe5 15. Bd2 Qb6 16. O-O-O Qa6 17. Kb1 Be6 18. b3 Nb4 19. Bxb4 cxb4 20. Bh3 O-O-O 21. Rdf1 Kb8 22. Bxe6 Qxe6 23. Rf2 Rhf8 24. Rxf8 Rxf8 25. Nf1 Rf4 26. Nd2 Kc7 27. Qg2 b5 28. Qh3 Qxh3 29. Rxh3 Kd6 30. Kc1 Ke6 31. Kd1 h5 32. Ke2 1/2-1/2

[Event "Thüringenliga 2024/25"]
[Site "?"]
[Date "2024.09.15"]
[Round "1.5"]
[White "Ortlepp, Steffen"]
[Black "Babrikowski, Peter"]
[Result "0-1"]
[WhiteElo "1823"]
[BlackElo "2033"]
[PlyCount "36"]
[EventDate "2024.09.15"]
[EventType "team-tourn"]
[EventRounds "9"]
[WhiteTeam "Ilmenauer SV"]
[BlackTeam "SV Schott Jena"]

1. e4 c5 2. Nf3 e6 3. d4 cxd4 4. Nxd4 Nc6 5. Be3 Nf6 6. Nd2 d5 7. exd5 Qxd5 8. Nxc6 Qxc6 9. c3 Bc5 10. Bxc5 Qxc5 11. Qf3 O-O 12. Be2 Bd7 13. O-O Bc6 14. Qg3 Rfd8 15. Rfd1 Rxd2 16. Rxd2 Ne4 17. b4 Qb6 18. Qf4 e5 0-1

[Event "Thüringenliga 2024/25"]
[Site "?"]
[Date "2024.09.15"]
[Round "1.6"]
[White "Dreyer, Michael"]
[Black "Schenk, Stefan"]
[Result "0-1"]
[WhiteElo "1977"]
[BlackElo "1890"]
[PlyCount "68"]
[EventDate "2024.09.15"]
[EventType "team-tourn"]
[EventRounds "9"]
[WhiteTeam "SV Schott Jena"]
[BlackTeam "Ilmenauer SV"]

1. e4 c5 2. c3 Nf6 3. e5 Nd5 4. d4 cxd4 5. cxd4 e6 6. Nf3 b6 7. Be2 Bb7 8. O-O Be7 9. Bd2 O-O 10. Nc3 Nxc3 11. bxc3 d6 12. Bd3 Nd7 13. exd6 Bxd6 14. Qe2 Qc7 15. h3 Bf4 16. Bxf4 Qxf4 17. Qe3 Qd6 18. Rac1 Rac8 19. Rc2 Rc7 20. Rfc1 Rfc8 21. Nd2 Nf6 22. Ne4 Nxe4 23. Bxe4 Bxe4 24. Qxe4 Rc4 25. Kf1 h6 26. g3 Qa3 27. Qd3 Qa5 28. Ke2 a6 29. Kd2 e5 30. Qf5 Rxd4+ 31. Ke3 Rdd8 32. c4 Rc6 33. Ke2 Qc5 34. Rc3 Rf6 0-1

[Event "Thüringenliga 2024/25"]
[Site "?"]
[Date "2024.09.15"]
[Round "1.7"]
[White "Michael, Torsten"]
[Black "Jung, Florian"]
[Result "1/2-1/2"]
[WhiteElo "1747"]
[BlackElo "1960"]
[PlyCount "82"]
[EventDate "2024.09.15"]
[EventType "team-tourn"]
[EventRounds "9"]
[WhiteTeam "Ilmenauer SV"]
[BlackTeam "SV Schott Jena"]

1. e4 c5 2. Nf3 d6 3. d4 cxd4 4. Nxd4 Nf6 5. Nc3 a6 6. f3 e6 7. Bc4 Qc7 8. Bb3 Be7 9. Be3 Nc6 10. g4 h6 11. Qe2 Bd7 12. h4 b5 13. Qg2 g6 14. Qd2 h5 15. g5 Nh7 16. Nce2 e5 17. Nxc6 Bxc6 18. Nc3 Rc8 19. Nd5 Bxd5 20. Qxd5 O-O 21. O-O Qc6 22. Rfd1 Qxd5 23. Rxd5 Kg7 24. f4 f6 25. fxe5 fxe5 26. Kg2 Rc6 27. Rad1 Rd8 28. Rf1 Rf8 29. a4 Rxf1 30. Kxf1 bxa4 31. Bxa4 Rc4 32. Bb3 Rxe4 33. Bf2 Nf8 34. Ra5 Nd7 35. Bd5 Rf4 36. Rxa6 Nc5 37. Ra7 Kf8 38. Ra8+ Kg7 39. Re8 Bf8 40. Ke2 Na4 41. Rb8 Nc5 1/2-1/2

[Event "Thüringenliga 2024/25"]
[Site "?"]
[Date "2024.11.10"]
[Round "1.1"]
[White "Carnot, Luca"]
[Black "Zipfel, Frank"]
[Result "1-0"]
[WhiteElo "2075"]
[BlackElo "2005"]
[PlyCount "101"]
[EventDate "2024.09.15"]
[EventType "team-tourn"]
[EventRounds "9"]
[WhiteTeam "TSG Apolda"]
[BlackTeam "fuß brothers Jena"]

1. d4 g6 2. Nf3 Nf6 3. c4 Bg7 4. Nc3 O-O 5. e4 d6 6. h3 Nbd7 7. Be3 e5 8. d5 Nc5 9. Nd2 a5 10. Be2 c6 11. g4 cxd5 12. cxd5 a4 13. g5 Ne8 14. h4 Bd7 15. Rc1 f5 16. gxf6 Nxf6 17. h5 gxh5 18. Bxc5 dxc5 19. Bxh5 b5 20. Bf3 Qa5 21. Ne2 Nxd5 22. exd5 Rxf3 23. Nc3 Rf4 24. Qh5 Bf5 25. Ne2 Bg6 26. Qh3 Rf6 27. Rxc5 Raf8 28. Rh2 e4 29. Rc8 Bf5 30. Rxf8+ Rxf8 31. Qe3 Bxb2 32. Nd4 Bc3 33. Rg2+ Bg6 34. Nc6 Bxd2+ 35. Qxd2 Qxd2+ 36. Kxd2 Re8 37. Ke3 Kf8 38. Rxg6 hxg6 39. d6 b4 40. d7 b3 41. dxe8=Q+ Kxe8 42. axb3 axb3 43. Kd2 g5 44. Nd4 b2 45. Kc2 Kf7 46. Kxb2 Kf6 47. Kc3 Ke5 48. Ne2 e3 49. fxe3 Ke4 50. Kd2 g4 51. Ng1 1-0

[Event "Thüringenliga 2024/25"]
[Site "?"]
[Date "2024.11.10"]
[Round "1.2"]
[White "Wicklein, Stefan"]
[Black "Walther, Andi"]
[Result "0-1"]
[WhiteElo "1940"]
[BlackElo "2149"]
[PlyCount "100"]
[EventDate "2024.09.15"]
[EventType "team-tourn"]
[EventRounds "9"]
[WhiteTeam "fuß brothers Jena"]
[BlackTeam "TSG Apolda"]

1. d4 Nf6 2. c4 g6 3. g3 Bg7 4. Bg2 O-O 5. Nc3 d6 6. Nf3 Nc6 7. O-O a6 8. e4 e5 9. d5 Ne7 10. Ne1 Ne8 11. Nd3 f5 12. f4 c5 13. fxe5 dxe5 14. Nxc5 Nd6 15. Qb3 Qc7 16. Be3 f4 17. Bf2 fxg3 18. Be3 gxh2+ 19. Kxh2 Bg4 20. Nxa6 Qxc4 21. Nc5 Rfc8 22. Qxc4 Nxc4 23. Bg5 Rxc5 24. Bxe7 Rc7 25. d6 Rd7 26. Nd5 Rb8 27. Nf6+ Bxf6 28. Rxf6 Kg7 29. Raf1 h5 30. Kg3 Re8 31. Kh4 Ne3 32. Rf7+ Kg8 33. Rf8+ Rxf8 34. Rxf8+ Kg7 35. Bf1 b6 36. Bb5 Ra7 37. a4 Ng2+ 38. Kg5 Ne1 39. Rf1 Ng2 40. Bf8+ Kh7 41. d7 Bxd7 42. Rf7+ Kg8 43. Rxd7 Rxd7 44. Bxd7 Kxf8 45. Kf6 Ne3 46. b4 Ng4+ 47. Ke6 h4 48. Kd5 Nf6+ 49. Ke6 Nxd7 50. Kxd7 h3 0-1

[Event "Thüringenliga 2024/25"]
[Site "?"]
[Date "2024.11.10"]
[Round "1.3"]
[White "Goemann, Jens"]
[Black "Wolf, Jonas"]
[Result "1-0"]
[WhiteElo "2035"]
[BlackElo "1885"]
[PlyCount "79"]
[EventDate "2024.09.15"]
[EventType "team-tourn"]
[EventRounds "9"]
[WhiteTeam "TSG Apolda"]
[BlackTeam "fuß brothers Jena"]

1. c4 g6 2. g3 Bg7 3. Bg2 c5 4. Nc3 Nc6 5. Nf3 e6 6. O-O Nge7 7. a3 O-O 8. Rb1 d5 9. d3 dxc4 10. dxc4 Bxc3 11. bxc3 Qxd1 12. Rxd1 f6 13. Be3 b6 14. Nd2 Ba6 15. Bf4 e5 16. Bh6 Rfd8 17. Ne4 Kf7 18. Nd6+ Ke6 19. Nb5 Rxd1+ 20. Rxd1 Rc8 21. Rd6+ Kf7 22. Rd7 g5 23. Bxc6 Rxc6 24. Rxa7 Bc8 25. h4 gxh4 26. gxh4 Be6 27. Kf1 Bxc4 28. a4 Ke8 29. Ra8+ Kf7 30. Ra7 Kg6 31. Bf8 Nd5 32. Rg7+ Kf5 33. Nd6+ Rxd6 34. Bxd6 Nxc3 35. a5 bxa5 36. Bxc5 Nxe2 37. Rxh7 Nc1+ 38. Kg2 Bd5+ 39. Kh3 Nd3 40. Be3 1-0

[Event "Thüringenliga 2024/25"]
[Site "?"]
[Date "2024.11.10"]
[Round "1.4"]
[White "Richter, Sebastian"]
[Black "Rohmeiß, Roberto"]
[Result "0-1"]
[WhiteElo "1857"]
[BlackElo "1970"]
[PlyCount "102"]
[EventDate "2024.09.15"]
[EventType "team-tourn"]
[EventRounds "9"]
[WhiteTeam "fuß brothers Jena"]
[BlackTeam "TSG Apolda"]

1. e4 Nf6 2. Nc3 d6 3. d4 g6 4. f4 Bg7 5. Nf3 O-O 6. Bd3 a6 7. O-O Bg4 8. h3 Bxf3 9. Qxf3 Nc6 10. Be3 Nd7 11. e5 e6 12. Rad1 Nb4 13. Qf2 Nxd3 14. Rxd3 d5 15. g4 f6 16. Qg2 c6 17. Ne2 f5 18. Bf2 Qe7 19. c3 Rac8 20. Kh1 Kh8 21. Rg1 Rg8 22. h4 Qf7 23. Rh3 fxg4 24. Qxg4 Qf5 25. Qxf5 gxf5 26. Rhg3 Bh6 27. Rxg8+ Rxg8 28. Rxg8+ Kxg8 29. Be3 Kf7 30. Kg2 Bf8 31. Ng1 Be7 32. Nf3 h6 33. h5 Nb6 34. b3 Na8 35. Kf1 Nc7 36. Bf2 Ne8 37. Bh4 Ng7 38. Bxe7 Kxe7 39. Ne1 Nxh5 40. Nd3 Ng3+ 41. Kg2 Ne2 42. Kf3 Nxc3 43. a4 Ne4 44. Kg2 a5 45. Kh3 b6 46. Kh4 c5 47. Kh5 cxd4 48. b4 axb4 49. Nxb4 Kd7 50. Kxh6 Nc5 51. Kg6 d3 0-1

[Event "Thüringenliga 2024/25"]
[Site "?"]
[Date "2024.11.10"]
[Round "1.5"]
[White "Kroh, Christian"]
[Black "Latka, Robert"]
[Result "1-0"]
[WhiteElo "1808"]
[BlackElo "1890"]
[PlyCount "97"]
[EventDate "2024.09.15"]
[EventType "team-tourn"]
[EventRounds "9"]
[WhiteTeam "TSG Apolda"]
[BlackTeam "fuß brothers Jena"]

1. d4 Nf6 2. Nf3 g6 3. c4 Bg7 4. Nc3 d5 5. e3 O-O 6. Be2 c5 7. O-O Nc6 8. Re1 Bf5 9. dxc5 dxc4 10. Bxc4 Qa5 11. e4 Qxc5 12. Bxf7+ Rxf7 13. exf5 Rd8 14. Qb3 Nd5 15. fxg6 hxg6 16. Be3 Nxe3 17. Rxe3 Nd4 18. Nxd4 Bxd4 19. Ne4 Qd5 20. Qxd5 Rxd5 21. Re2 Kg7 22. g3 Rb5 23. Rb1 Rf8 24. Kg2 e5 25. b3 Rd5 26. Rc1 Bb6 27. Rcc2 Rfd8 28. Nd2 R8d7 29. Nc4 Bd4 30. Re4 b5 31. Ne3 R5d6 32. Ng4 Rd5 33. Rce2 Bb6 34. Nxe5 Rc7 35. Ng4 Rd1 36. Re5 Ra1 37. Rxb5 Rcc1 38. Rbe5 Bc5 39. Re6 Rg1+ 40. Kh3 Rad1 41. Ne5 Rge1 42. Nf3 Rf1 43. Kg2 g5 44. Nxg5 Rg1+ 45. Kf3 Rd3+ 46. Kg4 Rg2 47. f4 Rd2 48. Rxd2 Rxd2 49. Ne4 1-0

[Event "Thüringenliga 2024/25"]
[Site "?"]
[Date "2024.11.10"]
[Round "1.6"]
[White "Götting, Danilo"]
[Black "Maiwald, Harald"]
[Result "0-1"]
[WhiteElo "1725"]
[BlackElo "1913"]
[PlyCount "92"]
[EventDate "2024.09.15"]
[EventType "team-tourn"]
[EventRounds "9"]
[WhiteTeam "fuß brothers Jena"]
[BlackTeam "TSG Apolda"]

1. e4 c5 2. c3 Nf6 3. e5 Nd5 4. d4 cxd4 5. cxd4 d6 6. Nf3 Nc6 7. Bc4 Nb6 8. Bb3 Bf5 9. O-O e6 10. Nc3 Be7 11. Bf4 O-O 12. Qe2 Rc8 13. Ne4 dxe5 14. dxe5 Nd4 15. Nxd4 Qxd4 16. Rfe1 Nd5 17. Rad1 Nxf4 18. Rxd4 Nxe2+ 19. Rxe2 Rc1+ 20. Rd1 Rfc8 21. Nc3 Rxd1+ 22. Bxd1 Bb4 23. Re3 Bc5 24. Re2 Bd4 25. Nb5 Rc1 26. Rd2 Bb6 27. Nc3 Kf8 28. Kf1 Ba5 29. Ke2 Bxc3 30. bxc3 Rxc3 31. Ba4 g5 32. Rd8+ Kg7 33. Rd7 Ra3 34. Bb3 b6 35. f3 Kg6 36. g4 Bb1 37. Rd2 Kg7 38. Ke3 Bxa2 39. Rxa2 Rxb3+ 40. Ke4 a5 41. Rf2 a4 42. Kd4 a3 43. Rf1 b5 44. Kc5 a2 45. Ra1 Rb2 46. h3 b4 0-1

[Event "Thüringenliga 2024/25"]
[Site "?"]
[Date "2024.11.10"]
[Round "1.7"]
[White "Stolz, Markus"]
[Black "Mauch, Johannes"]
[Result "1-0"]
[WhiteElo "1785"]
[BlackElo "1826"]
[PlyCount "61"]
[EventDate "2024.09.15"]
[EventType "team-tourn"]
[EventRounds "9"]
[WhiteTeam "TSG Apolda"]
[BlackTeam "fuß brothers Jena"]

1. d4 Nf6 2. Nf3 c5 3. e3 b6 4. Bd3 Bb7 5. Nbd2 d5 6. b3 g6 7. Bb2 Bg7 8. Ne5 O-O 9. O-O Nc6 10. f4 Ne8 11. Ndf3 Nd6 12. Nxc6 Bxc6 13. Ne5 Bb7 14. Qe2 Rc8 15. Rad1 Qc7 16. dxc5 bxc5 17. c4 e6 18. cxd5 exd5 19. Ba6 c4 20. Bxb7 Qxb7 21. Ba3 Rfd8 22. Bxd6 Rxd6 23. Nxc4 Re6 24. Qf3 Qa6 25. Qxd5 Qxa2 26. Qb7 Qa6 27. Rd7 Rf8 28. Qxa7 Qb5 29. Qb7 Rb8 30. Rd8+ Re8 31. Qxb5 1-0

[Event "Thüringenliga 2024/25"]
[Site "?"]
[Date "2024.09.15"]
[Round "1.1"]
[White "Vetter, Udo"]
[Black "Aniol, Adrian"]
[Result "0-1"]
[WhiteElo "1426"]
[BlackElo "1982"]
[PlyCount "74"]
[EventDate "2024.09.15"]
[EventType "team-tourn"]
[EventRounds "9"]
[WhiteTeam "ESV Lok Sömmerda"]
[BlackTeam "VfL 1990 Gera"]

1. e4 c5 2. Nf3 Nc6 3. d4 cxd4 4. Nxd4 Nf6 5. Nc3 e5 6. Ndb5 d6 7. Be2 a6 8. Na3 h6 9. Be3 Be6 10. Nd5 Nxd5 11. exd5 Qa5+ 12. c3 Qxd5 13. O-O Qxd1 14. Rfxd1 Be7 15. Nc4 Bxc4 16. Bxc4 Rd8 17. Bb6 Rd7 18. Rd2 Bd8 19. Be3 Bg5 20. Re1 Bxe3 21. Rxe3 O-O 22. Bb3 Rfd8 23. c4 Na5 24. Rd5 Nxb3 25. axb3 f6 26. Red3 Kf7 27. b4 Ke6 28. f3 f5 29. g3 g5 30. Kg2 Rc8 31. b3 Rb8 32. c5 Rbd8 33. Kf2 dxc5 34. Rxd7 Rxd7 35. Rxd7 Kxd7 36. bxc5 Kc6 37. b4 Kb5 0-1

[Event "Thüringenliga 2024/25"]
[Site "?"]
[Date "2024.09.15"]
[Round "1.2"]
[White "Seidens, Gunter"]
[Black "Koksch, Robert"]
[Result "1/2-1/2"]
[WhiteElo "1932"]
[BlackElo "1941"]
[PlyCount "80"]
[EventDate "2024.09.15"]
[EventType "team-tourn"]
[EventRounds "9"]
[WhiteTeam "VfL 1990 Gera"]
[BlackTeam "ESV Lok Sömmerda"]

1. c4 c6 2. d4 d5 3. Nd2 Nf6 4. Ngf3 Bf5 5. g3 Qc8 6. Qb3 e6 7. Bg2 Be7 8. O-O Nbd7 9. Nh4 Bg6 10. Nxg6 hxg6 11. e4 dxe4 12. Nxe4 Nxe4 13. Bxe4 Nf6 14. Bg2 Bd6 15. Re1 Kf8 16. Bd2 Qc7 17. Bb4 Rd8 18. Bxd6+ Rxd6 19. Rad1 Rh5 20. Bf3 Ra5 21. a3 b5 22. Re3 bxc4 23. Qxc4 e5 24. dxe5 Rxd1+ 25. Bxd1 Rxe5 26. Qe2 Rxe3 27. Qxe3 Qb6 28. Qd2 Ke7 29. Bf3 c5 30. Qe3+ Kd6 31. Qc3 Ke7 32. Qe5+ Kd7 33. Kg2 Qd6 34. Qc3 g5 35. h3 Ne8 36. Qb3 f6 37. Qb5+ Ke7 38. Qb7+ Qc7 39. Qa8 f5 40. Kf1 Nf6 1/2-1/2

[Event "Thüringenliga 2024/25"]
[Site "?"]
[Date "2024.09.15"]
[Round "1.3"]
[White "Kalisch, Michael"]
[Black "Huster, Mike"]
[Result "1-0"]
[WhiteElo "2084"]
[BlackElo "1932"]
[PlyCount "77"]
[EventDate "2024.09.15"]
[EventType "team-tourn"]
[EventRounds "9"]
[WhiteTeam "ESV Lok Sömmerda"]
[BlackTeam "VfL 1990 Gera"]

1. d4 Nf6 2. Bf4 d5 3. e3 c5 4. c3 Nc6 5. Nd2 e6 6. Ngf3 Bd6 7. Bg3 O-O 8. Bd3 cxd4 9. exd4 Qc7 10. O-O e5 11. dxe5 Nxe5 12. Nxe5 Bxe5 13. Re1 Bxg3 14. hxg3 Bd7 15. Nf3 Bg4 16. Qa4 Bxf3 17. gxf3 a6 18. Qd4 Qc6 19. Kg2 Rae8 20. Rh1 g6 21. Rh6 Qd6 22. Rah1 Qe5 23. Qh4 Nh5 24. f4 Qg7 25. Rxh5 gxh5 26. Qxh5 h6 27. Qf5 d4 28. Rh4 Re6 29. c4 Rfe8 30. Qd5 Qf6 31. Qxb7 Rb6 32. Qd7 Qc6+ 33. Qxc6 Rxc6 34. f5 Rd8 35. b4 Kg7 36. Kf3 Rc7 37. Rh1 Re7 38. f6+ Kxf6 39. Rxh6+ 1-0

[Event "Thüringenliga 2024/25"]
[Site "?"]
[Date "2024.09.15"]
[Round "1.4"]
[White "Aniol, Nico"]
[Black "Siegemund, Joachim"]
[Result "1/2-1/2"]
[WhiteElo "1929"]
[BlackElo "1919"]
[PlyCount "37"]
[EventDate "2024.09.15"]
[EventType "team-tourn"]
[EventRounds "9"]
[WhiteTeam "VfL 1990 Gera"]
[BlackTeam "ESV Lok Sömmerda"]

1. e4 e6 2. d4 d5 3. Nd2 Nf6 4. e5 Nfd7 5. Bd3 c5 6. c3 Nc6 7. Ne2 cxd4 8. cxd4 Qb6 9. Nf3 f6 10. exf6 Nxf6 11. O-O Bd6 12. b3 O-O 13. Bb2 Bd7 14. Ng3 Rae8 15. Ne5 Re7 16. Rc1 Be8 17. Bb1 g6 18. Kh1 a5 19. a4 1/2-1/2

[Event "Thüringenliga 2024/25"]
[Site "?"]
[Date "2024.09.15"]
[Round "1.6"]
[White "Pekrul, Jürgen"]
[Black "Weber, Jakob"]
[Result "1-0"]
[WhiteElo "1821"]
[BlackElo "1564"]
[PlyCount "55"]
[EventDate "2024.09.15"]
[EventType "team-tourn"]
[EventRounds "9"]
[WhiteTeam "VfL 1990 Gera"]
[BlackTeam "ESV Lok Sömmerda"]

1. d4 d5 2. g3 Nf6 3. Bg2 Bf5 4. c4 c6 5. Nf3 e6 6. O-O Nbd7 7. Qb3 Qb6 8. Nc3 Qxb3 9. axb3 Bc2 10. Nd2 Bb4 11. Bf3 O-O 12. e3 Bd3 13. Be2 Bxe2 14. Nxe2 Rfc8 15. Nc3 c5 16. cxd5 Nxd5 17. Nxd5 exd5 18. Nf3 b6 19. Rd1 Nf6 20. Bd2 a5 21. dxc5 bxc5 22. Bxb4 axb4 23. Rxa8 Rxa8 24. Rc1 Rc8 25. Ne5 Ne4 26. Nd3 c4 27. Nxb4 c3 28. Nxd5 1-0